000 00720nam a2200253Ia 4500
003 OSt
005 20221006142415.0
006 a|||||r|||| 00| 0
007 ta
008 221006b |||||||| |||| 00| 0 eng d
020 _a3031370575149
_c¥2500
024 _a6,312
037 _bGift, Japan Foundation
_cTextual
040 _aEASL
_cEASL
_beng
041 _2eng
_aeng
082 _aW.42.N7, L7
100 _aWATANUKI Joji
_9647662
245 0 _aPolitics in postwar Japanese society
260 _aTokyo
_bUniversity of Tokyo Press Japan
_c1977
300 _a172p.
_ccm.
490 _v JEL
942 _hW.42.N7, L7
_cTEXL
_2CC
999 _c1074398
_d1074398